Emociones - Hades66 - Estadísticas

Estadísticas generales
  • Esta prueba ha sido intentada 30 veces
  • La puntuación promedio es 249 de 335
Estadísticas de respuestas
Letra % Correcto
a
100%
Baby
83%
cien
83%
costearte
83%
cuando
83%
de
83%
defecto
83%
Del
83%
del
83%
diciendo
83%
die
83%
el
83%
El
83%
empieza
83%
en
83%
En
83%
encuentre
83%
encuentro
83%
ere
83%
es
83%
esta
83%
esté
83%
la
83%
lo
83%
mai
83%
marcamo
83%
me
83%
mente
83%
mi
83%
nene
83%
no
83%
otra
83%
Oye
83%
Pa
83%
permanente
83%
Pero
83%
pero
83%
pide
83%
presupuesto
83%
que
83%
quiera
83%
salgo
83%
se
83%
83%
si
83%
Si
83%
soy
83%
te
83%
tengo
83%
ti
83%
tienes
83%
tocarte
83%
83%
Tu
83%
tu
83%
un
83%
vida
83%
viendo
83%
Y
83%
y
83%
yo
83%
Yo
83%
atrapa
67%
beso
67%
borre
67%
canción
67%
conllevar
67%
contigo
67%
corre
67%
cualquier
67%
Dame
67%
despido
67%
destino
67%
difícil
67%
editore
67%
eso
67%
estoy
67%
expreso
67%
fuego
67%
hablo
67%
hacer
67%
Hasta
67%
importa
67%
las
67%
mall
67%
mano
67%
mejore
67%
Mercede
67%
meto
67%
momento
67%
muerte
67%
mujer
67%
nos
67%
nuestro
67%
parte
67%
pasa
67%
pierdo
67%
por
67%
Por
67%
proceso
67%
real
67%
relación
67%
sana
67%
siempre
67%
Siempre
67%
situación
67%
somos
67%
sorpresa
67%
suceso
67%
tiempo
67%
tranquila
67%
una
67%
vendrán
67%
voy
67%
al
50%
arrogante
50%
caja
50%
ciencia
50%
conectar
50%
cristal
50%
Critican
50%
cuerpo
50%
diseño
50%
emoción
50%
estés
50%
guardar
50%
herida
50%
llega
50%
paro
50%
pensar
50%
poder
50%
química
50%
quisiera
50%
regreso
50%
Tuvimos
50%
ella
33%
Mercedes
33%
sentimen
33%
sentimental
33%
delincuеnte
0%
0%
No se encontraron pruebas coincidentes
Distribución de puntuación
Porcentaje de gente con cada puntuación
Porcentaje por número respondido
Historial de tus puntuaciones
No has intentado esta prueba.